| 000 | 01217cam a2200325 a 4500 | ||
|---|---|---|---|
| 999 |
_c173363 _d173363 |
||
| 001 | 4895421 | ||
| 003 | Nust | ||
| 005 | 20170123100538.0 | ||
| 008 | 930518s1991 enk 000 1 eng | ||
| 010 | _a 93155272 | ||
| 020 | _a1853260037 | ||
| 040 |
_aDLC _cDLC _dDLC |
||
| 043 | _ae-uk-en | ||
| 050 | 0 | 0 |
_aPR4453.C4 _bA6 1991 |
| 082 | 0 | 0 |
_a823.912 _bCHE |
| 100 | 1 |
_aChesterton, G. K. _q(Gilbert Keith), _d1874-1936. |
|
| 245 | 1 | 4 |
_aThe complete Father Brown stories / _cG.K. Chesterton ; selected and introduced by H.R.F. Keating. |
| 260 |
_a[London] : _bJ.M. Dent ; _aRutland, Vt. : _bC.E. Tuttle, _c1992. |
||
| 300 |
_a277 p. ; _c20 cm. |
||
| 490 | 0 | _aEveryman's library | |
| 650 | 0 |
_aBrown, Father (Fictitious character) _xFiction. |
|
| 650 | 0 |
_aCatholics _vFiction. |
|
| 650 | 0 |
_aClergy _vFiction. |
|
| 650 | 0 | _aDetective and mystery stories, English. | |
| 651 | 0 |
_aEngland _xFiction. |
|
| 700 | 1 |
_aKeating, H. R. F. _q(Henry Reymond Fitzwalter), _d1926-2011. |
|
| 906 |
_a7 _bcbc _corignew _d3 _encip _f19 _gy-gencatlg |
||
| 942 |
_2ddc _cBK |
||